Az Újpest FC magyarországi futballturizmusra gyakorolt társadalmi és gazdasági hatásai

Bibliográfiai részletek
Szerző: Vigh Dávid
További közreműködők: Barka Nikoletta
Dokumentumtípus: Diplomadolgozat
Kulcsszavak:klubrendszer
labdarúgás
sport
társadalom
turizmus
Online Access:http://dolgozattar.uni-bge.hu/60011

MARC

LEADER 00000nta a2200000 i 4500
001 dolg60011
005 20260409145853.0
008 260409suuuu hu om 000 hun d
040 |a BGE Dolgozattár Repozitórium  |b hun 
041 |a hu 
100 1 |a Vigh Dávid 
245 1 3 |a Az Újpest FC magyarországi futballturizmusra gyakorolt társadalmi és gazdasági hatásai  |c Vigh Dávid  |h [elektronikus dokumentum] 
520 3 |a Szakdolgozatomban az Újpest FC magyarországi futballturizmusra gyakorolt gazdasági és társadalmi hatásait vizsgáltam. A konkrét klubspecifikus témát kérdőíves kutatásokkal és szakmai interjúval igyekeztem a legátfogóbb módon bemutatni. Fókuszban voltak a szurkolók utazási szokásaik, a klub turisztikai jelentőssége egyaránt. Eredményeim alapján megállapítható az, hogy az Újpest FC fontos része a hazai futballturizmusnak.A témát aktuálisnak tekintem ugyanis a sportturizmus az utóbbi évtizedekben egyre fontosabb és hatalmasabb szerepet ölt a turizmus globális piacán. Magyarországon az elmúlt években egyre nagyobb figyelmet fordítanak a sportinfrastruktúra fejlesztésére, valamint a nemzetközi sportesemények megrendezésére, ami hozzájárult ahhoz, hogy a sportturizmus hazánk idegenforgalmának egyik meghatározó tényezőjévé váljon. 
695 |a klubrendszer 
695 |a labdarúgás 
695 |a sport 
695 |a társadalom 
695 |a turizmus 
700 1 |a Barka Nikoletta  |e ths 
856 4 0 |u http://dolgozattar.uni-bge.hu/60011/1/Az%20%C3%9Ajpest%20FC%20magyarorsz%C3%A1gi%20futballturizmusra%20gyakorolt%20t%C3%A1rsadalmi%20%C3%A9s%20gazdas%C3%A1gi%20hat%C3%A1sai%20-%20Vigh%20D%C3%A1vid.pdf  |z Dokumentum-elérés 
856 4 0 |u http://dolgozattar.uni-bge.hu/60011/2/Vigh%20D%C3%A1vid_konzulens_Barka%20Nikoletta.pdf  |z Dokumentum-elérés 
856 4 0 |u http://dolgozattar.uni-bge.hu/60011/3/Vigh%20D%C3%A1vid_opponens_%C5%90ry%20Kinga.pdf  |z Dokumentum-elérés